000 00425nam a2200145Ia 4500
008 210716s2002 xx 000 0 und d
020 _a081462779X
041 _aeng
082 _a374.22 COZD
100 _aCozzens, Donald.
245 _aSacred silence: denial and the crises in the church.
_bDenial and the crises in the church.
260 _aU S A
_bLitugical press.
_c2002
300 _a199
650 _aGeneral Knowledge
999 _c206424
_d206424